000
00327nam a22001337a 4500
008
190227b xxu||||| |||| 00| 0 eng d
020
_a
9780801653247
041
_a
eng
080
_2
5th
_a
616.12
100
_a
7
101
_a
KARD
245
_a
Commonsense Approach To Coronary Care A Program
_c
Vinsant,M.O
942
_2
udc
_c
BK
999
_c
54324
_d
54324